| 000 | 00917 a2200181 4500 | ||
|---|---|---|---|
| 003 | NUST | ||
| 005 | 20230712083705.0 | ||
| 010 | _a6221566 | ||
| 040 | _cNust | ||
| 082 | _a542,AZA | ||
| 100 |
_aAzaroff, leonid V _958365 |
||
| 245 |
_aElectronic Processes in Materials / _cLeonid V. Azaroff and James J Brophy |
||
| 260 |
_aN Y _bMc Graw Hill _c1963 |
||
| 300 | _a462;p. | ||
| 505 | _aStructure of Crystals (Page-1), Diffraction of X-Rays (Page-35),Quantum Mechanics (Page-61), Atomic Bonding (Page-94), Statistical Mechanics (Page-123), Free-Electron Theory (Page-146), Zone Theory (Page-166), Theory of Semiconductors (Page-194), Semiconducting Materials (Page-238), Semiconductor Devices (Page-268), Electron Emission (Page-305), Dielectric Processes (Page-338), Magnetic Processes (Page-372), Optical Processes (Page-408). | ||
| 650 |
_aElectronic Processes in Materials _9113546 |
||
| 942 |
_2ddc _cBK _k542,AZA |
||
| 999 |
_c183690 _d183690 |
||